[Event "ICS rated blitz match"]
[Site "204.178.125.65"]
[Date "1999.11.28"]
[Round "?"]
[White "Hossa"]
[Black "Varguz"]
[Result "0-1"]
[WhiteElo "2447"]
[BlackElo "2825"]
[PlyCount "88"]
[EventDate "1999.??.??"]

1. Nf3 e6 2. g3 b6 3. Bg2 Bb7 4. O-O Nf6 5. d3 d5 6. e4 dxe4 7. Nfd2 Bb4 8. c3
Be7 9. Nxe4 Nxe4 10. dxe4 Nd7 11. c4 Ne5 12. Nd2 O-O 13. Qe2 Qd4 14. Qe3 Qxe3
15. fxe3 Rad8 16. Re1 Bf6 17. Re2 Ba6 18. a4 c5 19. a5 Bxc4 20. Rf2 Bb5 21.
axb6 axb6 22. Nf1 Nd3 23. Rc2 Rd7 24. Bh1 Rfd8 25. Bf3 Ne1 26. Rf2 Nxf3+ 27.
Rxf3 Bc6 28. g4 Rd1 29. Rf2 Re1 30. h4 Bxh4 31. Rf3 Rdd1 32. Ra7 Bxe4 33. Rf4
f5 34. gxf5 exf5 35. Rc7 Bg3 36. Rc8+ Kf7 37. Rc7+ Kg6 38. Rxe4 Re2 39. Rc6+
Kh5 40. Rh6+ gxh6 41. Rf4 Bh2+ 42. Kh1 Bxf4 43. Kg1 Bh2+ 44. Kh1 44... Rxf1# {
Hossa checkmated} 0-1

[Event "ICS rated blitz match"]
[Site "204.178.125.65"]
[Date "1999.11.28"]
[Round "?"]
[White "Varguz"]
[Black "Hossa"]
[Result "1-0"]
[WhiteElo "2828"]
[BlackElo "2444"]
[PlyCount "115"]
[EventDate "1999.??.??"]

1. d4 Nf6 2. c4 e6 3. g3 Bb4+ 4. Nd2 d5 5. a3 Bxd2+ 6. Bxd2 dxc4 7. e3 Qd5 8.
Nf3 Ne4 9. Bg2 Nxd2 10. Qxd2 O-O 11. O-O Qb5 12. a4 Qa6 13. Rfc1 Nc6 14. Bf1
Qb6 15. Bxc4 Na5 16. Ba2 Rd8 17. b4 Nc6 18. b5 Na5 19. e4 Rd7 20. Rab1 f6 21.
Rc5 Re7 22. Rbc1 Kh8 23. Qc3 c6 24. bxc6 Nxc6 25. a5 Qc7 26. d5 exd5 27. exd5
Bd7 28. dxc6 bxc6 29. Bd5 Bh3 30. Nd4 Rf8 31. Nxc6 Ree8 32. Qb4 Qd7 33. Bf3 a6
34. Be2 Ra8 35. Qh4 Rfe8 36. Bh5 Rg8 37. Bf3 Be6 38. Nb4 Ra7 39. Rc6 Bb3 40.
Qf4 Ba4 41. Rxa6 Bb3 42. Rd6 Qf7 43. a6 Re7 44. Nc6 Rc7 45. Ra1 Re8 46. a7 g5
47. Qd4 Rcc8 48. Nb8 g4 49. a8=Q gxf3 50. Qxf3 Bd1 51. Qfxf6+ Qxf6 52. Qxf6+
Kg8 53. Ra7 Re1+ 54. Kg2 Re7 55. Rxe7 Bf3+ 56. Qxf3 Rxb8 57. Qf7+ Kh8 58. Qg7#
{Hossa checkmated} 1-0

[Event "ICS rated blitz match"]
[Site "204.178.125.65"]
[Date "1999.11.28"]
[Round "?"]
[White "Hossa"]
[Black "Varguz"]
[Result "0-1"]
[WhiteElo "2441"]
[BlackElo "2831"]
[PlyCount "140"]
[EventDate "1999.??.??"]

1. d4 Nf6 2. c4 c5 3. d5 b5 4. cxb5 a6 5. Nc3 axb5 6. e4 b4 7. Nb5 d6 8. Bf4
Nxe4 9. Bc4 g5 10. Bc1 h6 11. Qe2 Nf6 12. h4 Rg8 13. hxg5 hxg5 14. Bd2 Bf5 15.
Bd3 Bxd3 16. Qxd3 Nbd7 17. Nh3 Ne5 18. Qe2 g4 19. Nf4 g3 20. fxg3 Rxg3 21. Rh8
Qd7 22. a4 Qb7 23. Be3 Qb8 24. Bf2 Rg8 25. Rxg8 Nxg8 26. Bh4 Bh6 27. Nd3 Bg7
28. Nf4 Ra5 29. Qe4 Nf6 30. Bxf6 Bxf6 31. Qh7 Kd7 32. Nh5 Bh4+ 33. g3 Bg5 34.
Ng7 Bf6 35. Qf5+ Kd8 36. Nh5 Bh8 37. Qh7 Kd7 38. Qf5+ e6 39. Qe4 Ke7 40. dxe6
fxe6 41. Nf4 Qg8 42. Qb7+ Nd7 43. O-O-O Qxg3 44. Qe4 Rxa4 45. Kb1 Be5 46. Qh7+
Qg7 47. Qxg7+ Bxg7 48. Rxd6 Nf8 49. Rc6 b3 50. Nd3 Rg4 51. Rxc5 Nd7 52. Rc1 Rg2
53. Nc7 Rd2 54. Rg1 Bd4 55. Re1 Rxd3 56. Nxe6 Be5 57. Ng5 Rd2 58. Ka1 Kf8 59.
Rb1 Re2 60. Nh3 Nc5 61. Ng1 Rf2 62. Nh3 Rd2 63. Ng5 Na4 64. Rf1+ Kg8 65. Rc1
Bxb2+ 66. Kb1 Bc3 67. Rc2 bxc2+ 68. Ka2 c1=Q+ 69. Kb3 Qb1+ 70. Kxa4 70... Ra2#
{Hossa checkmated} 0-1

[Event "ICS rated bullet match"]
[Site "204.178.125.65"]
[Date "1999.11.28"]
[Round "?"]
[White "Hossa"]
[Black "JSBach"]
[Result "1-0"]
[WhiteElo "2494"]
[BlackElo "1994"]
[PlyCount "91"]
[EventDate "1999.??.??"]

1. Nf3 d5 2. d4 Bf5 3. Bf4 Nf6 4. e3 Nh5 5. Nh4 Nxf4 6. Nxf5 Ng6 7. Bd3 e6 8.
Ng3 Bb4+ 9. c3 Bd6 10. Qb3 Qc8 11. O-O Ne7 12. e4 Bxg3 13. fxg3 Rf8 14. exd5
Nxd5 15. Nd2 Ne3 16. Rfe1 Ng4 17. d5 Nd7 18. dxe6 Nde5 19. Bf5 Ke7 20. Bxg4
Nxg4 21. Qb4+ Ke8 22. Qxg4 fxe6 23. Qxg7 Rf7 24. Qe5 Re7 25. Rad1 Rf7 26. Qxe6+
Qxe6 27. Rxe6+ Kd7 28. Re2 Kc6 29. Nf3 Kb6 30. Re6+ Kb5 31. Rd5+ Kc4 32. Rd4+
Kc5 33. b4+ Kb5 34. Rd5+ Kc4 35. Rc5+ Kd3 36. Ne5+ Kd2 37. Nxf7 c6 38. Re7 b5
39. Rxc6 a5 40. Rd7+ Kc2 41. Nd6 h5 42. Nxb5 Kb2 43. Rd2+ Kb1 44. Na3+ Kc1 45.
Rcd6 axb4 46. Rc2# {JSBach checkmated} 1-0

[Event "ICS rated blitz match"]
[Site "204.178.125.65"]
[Date "1999.11.28"]
[Round "?"]
[White "Varguz"]
[Black "Hossa"]
[Result "1-0"]
[WhiteElo "2844"]
[BlackElo "2438"]
[PlyCount "77"]
[EventDate "1999.??.??"]

1. e4 d5 2. exd5 Qxd5 3. Nc3 Qa5 4. d4 Nf6 5. Bc4 Nc6 6. Nf3 Ne4 7. Bd2 Nxd2 8.
Qxd2 Bf5 9. O-O e6 10. a3 a6 11. b4 Qb6 12. Na4 Qa7 13. Bb3 O-O-O 14. c3 Bg4
15. Ng5 Bh5 16. Bd1 Bg6 17. Bc2 Be7 18. Bxg6 Bxg5 19. Qxg5 hxg6 20. Qf4 Rdf8
21. Nc5 Ne7 22. Rfe1 Nf5 23. a4 Rh4 24. Qe5 Re8 25. b5 a5 26. Re4 Rh5 27. g4 f6
28. Qf4 Rh4 29. Rxe6 Reh8 30. Rae1 Nd6 31. Rxd6 cxd6 32. Qxd6 b6 33. Re7 Qxe7
34. Qxe7 Rxg4+ 35. Kf1 bxc5 36. b6 Rg1+ 37. Kxg1 Kb8 38. Qc7+ Ka8 39. Qa7# {
Hossa checkmated} 1-0

[Event "ICS rated blitz match"]
[Site "204.178.125.65"]
[Date "1999.11.28"]
[Round "?"]
[White "Hossa"]
[Black "Varguz"]
[Result "0-1"]
[WhiteElo "2435"]
[BlackElo "2847"]
[PlyCount "118"]
[EventDate "1999.??.??"]

1. Nf3 c5 2. c4 Nc6 3. d4 cxd4 4. Nxd4 g6 5. Nxc6 dxc6 6. Qxd8+ Kxd8 7. Nc3 Bg7
8. e4 Bxc3+ 9. bxc3 Nf6 10. f3 Be6 11. Be3 Kc8 12. Bc5 Re8 13. Rd1 h5 14. Bb4
Nd7 15. f4 Nb6 16. c5 Na4 17. c4 a5 18. Ba3 Nc3 19. Ra1 Nxe4 20. Bd3 Bf5 21.
Bxe4 Bxe4 22. Kf2 Bd3 23. Rac1 a4 24. Rhd1 Bf5 25. Rd2 Kc7 26. Bb2 a3 27. Be5+
Kc8 28. Rdd1 Be6 29. Ke3 Ra4 30. Rd3 f6 31. Ba1 Kb8 32. Rd4 Bf5 33. Rcd1 e5 34.
fxe5 Rxe5+ 35. Kd2 Rxc5 36. Rc1 Be6 37. Rd8+ Kc7 38. Bxf6 Rf5 39. Bh4 g5 40.
Re8 Kd7 41. Rxe6 Kxe6 42. Bg3 h4 43. Bc7 Rf2+ 44. Kc3 b5 45. Re1+ Kd7 46. Be5
Rxc4+ 47. Kb3 h3 48. Rd1+ Kc8 49. Bd4 Rf5 50. Kxa3 hxg2 51. Bb6 Rf1 52. Rd2 Rb1
53. Rb2 Rxb2 54. Kxb2 c5 55. Ba5 g1=Q 56. Bc3 Qe3 57. Kb1 Rxc3 58. a3 Qc1+ 59.
Ka2 59... Rxa3# {Hossa checkmated} 0-1

[Event "ICS rated blitz match"]
[Site "204.178.125.65"]
[Date "1999.11.28"]
[Round "?"]
[White "Hossa"]
[Black "Mboado"]
[Result "1-0"]
[WhiteElo "2432"]
[BlackElo "2091"]
[PlyCount "73"]
[EventDate "1999.??.??"]

1. Nf3 Nf6 2. g3 g6 3. b3 Bg7 4. Bb2 O-O 5. h4 d5 6. h5 Nxh5 7. Bxg7 Kxg7 8.
Nc3 Bf5 9. d4 Nc6 10. Nh4 Qd7 11. Nxf5+ Qxf5 12. e3 Nf6 13. Bh3 Qg5 14. Qd2
Rad8 15. O-O-O Ne4 16. Nxe4 dxe4 17. Bg2 f5 18. Rh3 Qf6 19. Rdh1 h5 20. f3 exf3
21. Bxf3 Rh8 22. Bxc6 Qxc6 23. c4 Qf6 24. Qa5 Qg5 25. Qe5+ Qf6 26. Qxc7 Qe6 27.
Qf4 b5 28. cxb5 Rc8+ 29. Kb2 Qd7 30. Qe5+ Kh6 31. a4 Rc7 32. Qxh8+ Kg5 33.
Rxh5+ Kg4 34. R5h4+ Kf3 35. Rf4+ Kxe3 36. Qe5+ Kd3 37. Rd1# {Mboado checkmated}
1-0

[Event "ICS rated blitz match"]
[Site "204.178.125.65"]
[Date "1999.11.28"]
[Round "?"]
[White "Mboado"]
[Black "Hossa"]
[Result "0-1"]
[WhiteElo "2087"]
[BlackElo "2436"]
[PlyCount "108"]
[EventDate "1999.??.??"]

1. e4 c5 2. Nf3 e6 3. c3 Nf6 4. e5 Nd5 5. d4 cxd4 6. Qxd4 Nc6 7. Qg4 f5 8. exf6
Nxf6 9. Qg3 Kf7 10. Bd3 d5 11. Bf4 Qb6 12. Ng5+ Kg8 13. b3 e5 14. Bxe5 Nxe5 15.
Qxe5 Qxf2+ 16. Kxf2 Ng4+ 17. Ke1 Nxe5 18. Be2 Ng4 19. Bf3 Nf6 20. Nd2 Bd6 21.
Kf2 Bf4 22. Nde4 dxe4 23. Nxe4 Nxe4+ 24. Bxe4 Be5 25. Bd5+ Kf8 26. Ke3 Bxc3 27.
Rhf1+ Ke8 28. Rac1 Be5 29. g3 Rf8 30. Rfe1 Ke7 31. Kd2 Rf2+ 32. Re2 Rxe2+ 33.
Kxe2 Bg4+ 34. Ke3 Rc8 35. Bc4 b5 36. Ke4 Kd6 37. h3 Bh5 38. g4 Bg6+ 39. Ke3
bxc4 40. bxc4 Kc5 41. h4 Bf7 42. Ke4 Bb2 43. Rc2 Bg6+ 44. Ke3 Re8+ 45. Kd2 Rd8+
46. Ke3 Bxc2 47. h5 Bd1 48. g5 Bc1+ 49. Kf2 Bxg5 50. Kg3 Kxc4 51. Kf2 Bf4 52.
Ke1 Bg3+ 53. Kf1 Bf3 54. Kg1 54... Rd1# {Mboado checkmated} 0-1

[Event "ICS rated blitz match"]
[Site "204.178.125.65"]
[Date "1999.11.28"]
[Round "?"]
[White "Hossa"]
[Black "Mboado"]
[Result "1-0"]
[WhiteElo "2440"]
[BlackElo "2083"]
[PlyCount "42"]
[EventDate "1999.??.??"]

1. Nf3 Nf6 2. g3 g6 3. b3 Bg7 4. Bb2 O-O 5. h4 d5 6. h5 Nxh5 7. Bxg7 Kxg7 8.
Nc3 Bf5 9. d4 Nc6 10. Nh4 Qd7 11. Nxf5+ Qxf5 12. e3 Rad8 13. g4 Qf6 14. gxh5 e5
15. Bg2 exd4 16. Nxd5 Qe5 17. f4 Qe6 18. Qf3 dxe3 19. Rd1 Rfe8 20. Nxc7 Rxd1+
21. Qxd1 21... e2 {Mboado resigns} 1-0

[Event "ICS rated blitz match"]
[Site "204.178.125.65"]
[Date "1999.11.28"]
[Round "?"]
[White "Hossa"]
[Black "Mboado"]
[Result "1-0"]
[WhiteElo "2447"]
[BlackElo "2076"]
[PlyCount "66"]
[EventDate "1999.??.??"]

1. Nf3 Nf6 2. g3 g6 3. b3 Bg7 4. Bb2 d5 5. Bg2 O-O 6. c4 dxc4 7. bxc4 Be6 8.
Qb3 Nc6 9. Na3 Na5 10. Qb4 b6 11. Ne5 c5 12. Qa4 Rc8 13. d3 Ng4 14. Nc6 Nxc6
15. Bxg7 Kxg7 16. Bxc6 Nxf2 17. Kxf2 Qd4+ 18. Kg2 Qb2 19. Bf3 Rfd8 20. Rhb1 Qe5
21. Qxa7 Ra8 22. Bxa8 Qxe2+ 23. Kh1 Rxa8 24. Qxa8 Bg4 25. Rf1 Qxd3 26. Rab1 Bf5
27. Rbe1 e6 28. Rf2 h5 29. Rff1 h4 30. gxh4 Qd4 31. Qb7 Qxh4 32. Re3 Qd4 33.
Rfe1 33... Bh3 {Mboado resigns} 1-0

[Event "ICS rated blitz match"]
[Site "204.178.125.65"]
[Date "1999.11.28"]
[Round "?"]
[White "Mboado"]
[Black "Hossa"]
[Result "0-1"]
[WhiteElo "2073"]
[BlackElo "2450"]
[PlyCount "53"]
[EventDate "1999.??.??"]

1. e4 c5 2. Nf3 e6 3. c3 Nf6 4. e5 Nd5 5. Bc4 Nb6 6. Bb3 c4 7. Bc2 d5 8. O-O
N8d7 9. d4 cxd3 10. Qxd3 Be7 11. Be3 Nc4 12. Bd4 Nxb2 13. Qe2 Nc4 14. Qd3 Qc7
15. Re1 Nc5 16. Bxc5 Qxc5 17. Nbd2 Nb2 18. Qe2 O-O 19. Nb3 Qa3 20. Reb1 Na4 21.
Qd3 g6 22. Nfd4 Bd7 23. Re1 Rac8 24. Ne2 Nb6 25. Nbd4 Nc4 26. Nf4 Nb2 27. Qd1 {
Mboado resigns} 0-1

[Event "ICS rated blitz match"]
[Site "204.178.125.65"]
[Date "1999.11.28"]
[Round "?"]
[White "Hossa"]
[Black "Mboado"]
[Result "1-0"]
[WhiteElo "2453"]
[BlackElo "2070"]
[PlyCount "57"]
[EventDate "1999.??.??"]

1. Nf3 Nf6 2. g3 g6 3. b3 Bg7 4. Bb2 O-O 5. h4 d5 6. h5 Nxh5 7. Bxg7 Nxg7 8. d4
Bg4 9. Nh2 Bf5 10. g4 Be6 11. Qd2 Qd6 12. Qh6 Ne8 13. Nf3 Nf6 14. g5 Nh5 15.
Nbd2 c5 16. c3 cxd4 17. Nxd4 Nc6 18. e3 Bg4 19. Nb5 Qe5 20. Rh4 f5 21. Bg2 a6
22. Nd4 Nxd4 23. cxd4 Qe6 24. Bf3 Rac8 25. Bxg4 fxg4 26. Rxh5 gxh5 27. Qxe6+
Kg7 28. Qh6+ Kh8 29. g6 {Mboado resigns} 1-0

[Event "ICS rated blitz match"]
[Site "204.178.125.65"]
[Date "1999.11.28"]
[Round "?"]
[White "Mboado"]
[Black "Hossa"]
[Result "1/2-1/2"]
[WhiteElo "2067"]
[BlackElo "2456"]
[PlyCount "62"]
[EventDate "1999.??.??"]

1. e4 c5 2. Nf3 e6 3. c3 Nf6 4. e5 Nd5 5. d4 cxd4 6. cxd4 b6 7. Bc4 Bb7 8. Nc3
Nxc3 9. bxc3 Nc6 10. O-O Rc8 11. Qd3 Be7 12. Bb3 Qc7 13. Bc2 Nb4 14. cxb4 Qxc2
15. Qxc2 Rxc2 16. b5 Bb4 17. Be3 O-O 18. Rfb1 Bxf3 19. Rxb4 Be2 20. a4 Rfc8 21.
h3 f6 22. a5 Kf7 23. axb6 axb6 24. Ra7 R8c7 25. Rxc7 Rxc7 26. Rb2 Bd3 27. Rb3
Be2 28. Rb2 Bd3 29. Rb3 Be2 30. Rb2 Bd3 31. Rb3 31... Be2 {
Game drawn by repetition} 1/2-1/2

[Event "ICS rated standard match"]
[Site "204.178.125.65"]
[Date "1999.11.28"]
[Round "?"]
[White "SPIKE-1"]
[Black "Hossa"]
[Result "1-0"]
[WhiteElo "2380"]
[BlackElo "2225"]
[PlyCount "117"]
[EventDate "1999.??.??"]

1. e4 c5 2. Nf3 e6 3. d4 cxd4 4. Nxd4 a6 5. Nc3 Qc7 6. Be2 Bb4 7. Qd3 Nc6 8.
O-O Nf6 9. Nxc6 bxc6 10. Bg5 Be7 11. Qe3 d6 12. Qg3 Rb8 13. Rab1 O-O 14. Bh6
Ne8 15. Rfe1 Kh8 16. Bd2 f5 17. exf5 e5 18. Bd3 Bxf5 19. Bxf5 Rxf5 20. Qd3 Qc8
21. Ne4 Rf7 22. c4 Qd8 23. Bc3 Bh4 24. Rbd1 Qc7 25. Qh3 Qe7 26. g3 Bf6 27. Re2
Qf8 28. c5 d5 29. Bxe5 Bxe5 30. Ng5 h6 31. Nxf7+ Qxf7 32. Rxe5 Rxb2 33. f4 Rb8
34. Qe6 Qb7 35. Re3 Qb5 36. Qe7 Nf6 37. Rb3 Re8 38. Rxb5 Rxe7 39. Rb8+ Kh7 40.
Rc8 Re2 41. a3 Ra2 42. Rxc6 Rxa3 43. Rc1 Ne4 44. Re6 Nd2 45. c6 Ra2 46. Re3 d4
47. Re2 Nf3+ 48. Kf2 Nd2 49. c7 Ne4+ 50. Kf1 Rxe2 51. c8=Q Nd6 52. Qd7 Rxh2 53.
Rc7 Ne8 54. Qxe8 Rh1+ 55. Kg2 Rc1 56. Rxc1 a5 57. Rc6 d3 58. Qg6+ Kh8 59. Rc8#
{Hossa checkmated} 1-0

[Event "ICS rated standard match"]
[Site "204.178.125.65"]
[Date "1999.11.28"]
[Round "?"]
[White "Hossa"]
[Black "Varguz"]
[Result "0-1"]
[WhiteElo "2216"]
[BlackElo "2556"]
[PlyCount "48"]
[EventDate "1999.??.??"]

1. Nf3 c5 2. Nc3 Nc6 3. e4 d6 4. d4 cxd4 5. Nxd4 e6 6. Bb5 Bd7 7. O-O Be7 8.
Nb3 Nf6 9. Bf4 a6 10. Be2 Qc7 11. Qd2 Ne5 12. Rad1 b5 13. a3 O-O 14. Bg5 Nc4
15. Bxc4 bxc4 16. Bxf6 Bxf6 17. Qxd6 Qxd6 18. Rxd6 cxb3 19. Rxd7 bxc2 20. f4
Bxc3 21. bxc3 Rfd8 22. Rc1 Rxd7 23. Rxc2 Rc8 24. Rc1 24... Rdc7 {Hossa resigns}
0-1

[Event "ICS rated blitz match"]
[Site "204.178.125.65"]
[Date "1999.11.28"]
[Round "?"]
[White "Hossa"]
[Black "fjolset"]
[Result "1-0"]
[WhiteElo "2443"]
[BlackElo "2149"]
[PlyCount "47"]
[EventDate "1999.??.??"]

1. Nf3 d5 2. d4 e6 3. c4 f5 4. Nc3 c6 5. e3 Nf6 6. Be2 Bd6 7. O-O O-O 8. Bd2
Nbd7 9. Rc1 Qe8 10. cxd5 exd5 11. Bd3 Ne4 12. Ne2 Rf6 13. Nf4 Rh6 14. Qe2 g5
15. Bxe4 fxe4 16. Nxg5 Nf6 17. f3 Bxf4 18. exf4 Qh5 19. h3 Bxh3 20. Nxh3 Kh8
21. f5 Rg8 22. Bxh6 Qxh3 23. Bf4 Nh5 24. Be5+ {fjolset resigns} 1-0

[Event "ICS rated blitz match"]
[Site "204.178.125.65"]
[Date "1999.11.28"]
[Round "?"]
[White "fjolset"]
[Black "Hossa"]
[Result "0-1"]
[WhiteElo "2144"]
[BlackElo "2448"]
[PlyCount "61"]
[EventDate "1999.??.??"]

1. d4 Nf6 2. e3 g6 3. Bd3 Bg7 4. f4 O-O 5. Nf3 d5 6. c3 Nbd7 7. Nbd2 c5 8. O-O
e6 9. Ne5 Rb8 10. Qf3 Qb6 11. Kh1 Qd6 12. g4 Nb6 13. g5 Nfd7 14. h4 f6 15. Nxd7
Bxd7 16. h5 c4 17. Bc2 fxg5 18. hxg6 hxg6 19. Bxg6 Be8 20. Qh5 Bxg6 21. Qxg6
gxf4 22. Rf3 fxe3 23. Rh3 Rf6 24. Qh7+ Kf7 25. Nf3 Rh8 26. Ne5+ Qxe5 27. dxe5
Rf1+ 28. Kg2 e2 29. Qxg7+ Kxg7 30. Bg5 Rxh3 31. Kxh3 {fjolset resigns} 0-1

[Event "ICS rated blitz match"]
[Site "204.178.125.65"]
[Date "1999.11.28"]
[Round "?"]
[White "Zippy"]
[Black "Hossa"]
[Result "1-0"]
[WhiteElo "2302"]
[BlackElo "2453"]
[PlyCount "111"]
[EventDate "1999.??.??"]

1. e4 c5 2. Nf3 e6 3. c3 d5 4. e5 Nc6 5. d4 Bd7 6. Be2 cxd4 7. cxd4 Nge7 8. Nc3
Nf5 9. g4 Nh4 10. Nxh4 Qxh4 11. Bf4 Be7 12. a3 O-O 13. Bg3 Qh3 14. Bf1 Qh6 15.
Bb5 f6 16. O-O fxe5 17. dxe5 a6 18. Bd3 Rac8 19. Kh1 Qh3 20. Rc1 Bd8 21. f3 Bb6
22. Re1 d4 23. Ne4 Qh6 24. Nd6 Rc7 25. Nf5 exf5 26. Qb3+ Be6 27. Qxb6 Re7 28.
gxf5 Bxf5 29. Bxa6 d3 30. Bxd3 Bxd3 31. Qb3+ Ref7 32. e6 Re7 33. Qxd3 Rxe6 34.
Qd5 Rfe8 35. b4 Kf8 36. b5 Nd8 37. Red1 b6 38. Rc7 Nf7 39. a4 Kg8 40. Rg1 Qf6
41. Rd7 Kf8 42. Bf2 R8e7 43. Rxe7 Qxe7 44. Rc1 Qe8 45. Rc7 Re2 46. Bxb6 Re1+
47. Bg1 Kg8 48. b6 Qf8 49. b7 Re8 50. Bc5 Re1+ 51. Kg2 Re2+ 52. Kg3 Qe8 53.
b8=Q Kh8 54. Qxf7 Rg2+ 55. Kxg2 Qxb8 56. Qxg7# {Hossa checkmated} 1-0

[Event "ICS rated blitz match"]
[Site "204.178.125.65"]
[Date "1999.11.28"]
[Round "?"]
[White "Hossa"]
[Black "Uncle-Sam"]
[Result "1/2-1/2"]
[WhiteElo "2430"]
[BlackElo "2079"]
[PlyCount "41"]
[EventDate "1999.??.??"]

1. e4 e6 2. f4 d5 3. exd5 exd5 4. d4 c5 5. Nc3 Nf6 6. Nf3 Bg4 7. h3 Bxf3 8.
gxf3 Nc6 9. Qe2+ Be7 10. dxc5 O-O 11. Bd2 Bxc5 12. O-O-O Qa5 13. Nxd5 Qxa2 14.
Nxf6+ gxf6 15. c3 Qa1+ 16. Kc2 Qa4+ 17. Kc1 Qa1+ 18. Kc2 Qa4+ 19. Kc1 Qa1+ 20.
Kc2 Qa4+ 21. Kc1 {Game drawn by repetition} 1/2-1/2

[Event "ICS rated blitz match"]
[Site "204.178.125.65"]
[Date "1999.11.28"]
[Round "?"]
[White "inmichess"]
[Black "Hossa"]
[Result "1-0"]
[WhiteElo "2475"]
[BlackElo "2418"]
[PlyCount "87"]
[EventDate "1999.??.??"]

1. e4 e6 2. d4 d5 3. exd5 Qxd5 4. Nf3 Nc6 5. Nc3 Qa5 6. Bd2 Bd7 7. a3 Qf5 8.
Bd3 Qh5 9. Nb5 O-O-O 10. Bf4 Be8 11. Be2 Qf5 12. Bxc7 Rd7 13. Bg3 a6 14. Nc3
Qa5 15. O-O Qd8 16. Bd3 Nxd4 17. Nxd4 Rxd4 18. Qd2 Nf6 19. Be5 Rd7 20. Rfd1 Qa5
21. Re1 Ng4 22. Bg3 h5 23. b4 Qb6 24. h3 h4 25. Bf4 Nf6 26. Rad1 Be7 27. Be5
Bd6 28. Bxd6 Qxd6 29. Qg5 Qf8 30. Ne4 Nxe4 31. Rxe4 f6 32. Qe3 e5 33. Qa7 Qg8
34. Ree1 Qe6 35. Be4 b5 36. Qa8+ Kc7 37. Rxd7+ Qxd7 38. Re3 Qd1+ 39. Kh2 Qf1
40. Rc3+ Kd7 41. Qd5+ Ke7 42. Rc7+ Kf8 43. Rf7+ Bxf7 44. Qd6+ {Hossa resigns}
1-0

[Event "ICS rated blitz match"]
[Site "204.178.125.65"]
[Date "1999.11.28"]
[Round "?"]
[White "Hossa"]
[Black "inmichess"]
[Result "1-0"]
[WhiteElo "2405"]
[BlackElo "2488"]
[PlyCount "125"]
[EventDate "1999.??.??"]

1. f4 Nf6 2. Nf3 e6 3. d4 c5 4. e3 d5 5. Nc3 c4 6. Be2 Bd6 7. O-O Nc6 8. b3 Bb4
9. Bd2 Ng4 10. Na4 c3 11. Bc1 Ba5 12. Qd3 Qc7 13. a3 O-O 14. b4 Nxb4 15. axb4
Bxb4 16. Ba3 a5 17. Rfb1 Bd7 18. Nc5 Bc6 19. Bxb4 axb4 20. Rxa8 Rxa8 21. Ne1
Nf6 22. Rxb4 Ra3 23. Rb3 Rxb3 24. Nxb3 Be8 25. g4 Ne4 26. Bf3 Nd6 27. Kf2 Bb5
28. Qd1 b6 29. Qa1 Qc8 30. Ng2 Ne4+ 31. Bxe4 dxe4 32. Qa7 Qd8 33. Nc1 g5 34.
fxg5 e5 35. d5 Bc4 36. Kg3 Bxd5 37. Ne2 Ba8 38. Nxc3 Kg7 39. Nh4 Kf8 40. Nf5
Bc6 41. Qa3+ Ke8 42. Nxe4 Bxe4 43. Nd6+ Kf8 44. Nxe4+ Kg7 45. Qd6 Qxd6 46. Nxd6
f6 47. Ne8+ Kg6 48. Nxf6 h6 49. Nd7 hxg5 50. Nxe5+ Kf6 51. Nd7+ Ke6 52. Nxb6
Ke5 53. Nc4+ Ke4 54. h4 gxh4+ 55. Kxh4 Kd5 56. g5 Ke6 57. Kh5 Ke7 58. g6 Kf6
59. Kh6 Ke7 60. e4 Kf8 61. e5 Ke7 62. g7 Kd7 63. e6+ {inmichess resigns} 1-0

[Event "ICS rated blitz match"]
[Site "204.178.125.65"]
[Date "1999.11.28"]
[Round "?"]
[White "inmichess"]
[Black "Hossa"]
[Result "1-0"]
[WhiteElo "2468"]
[BlackElo "2425"]
[PlyCount "128"]
[EventDate "1999.??.??"]

1. e4 e6 2. d3 Nf6 3. e5 Nd5 4. Nf3 Bb4+ 5. c3 Be7 6. d4 O-O 7. Bd3 Nc6 8. Qc2
f5 9. b4 a6 10. O-O Ra7 11. a3 b5 12. a4 bxa4 13. Qxa4 Bb7 14. Qc2 a5 15. b5
Nb8 16. Bd2 Rf7 17. Re1 c6 18. Na3 Rf8 19. Reb1 Ba8 20. bxc6 Nxc6 21. Nb5 Rb7
22. Qc1 Qb8 23. Bg5 Bxg5 24. Nxg5 Qd8 25. Nf3 Qb8 26. Nd6 Rxb1 27. Rxb1 Qa7 28.
Rb5 Nc7 29. Rb2 Rb8 30. Rxb8+ Qxb8 31. Qc2 Ne8 32. Bxf5 Nxd6 33. Bxh7+ Kh8 34.
exd6 Qxd6 35. Bd3 Qa3 36. Bf1 Qe7 37. Qg6 Kg8 38. Ng5 Kf8 39. Qh5 Qe8 40. Qh8+
Ke7 41. Qxg7+ Kd6 42. c4 Bb7 43. Nf7+ Ke7 44. Ne5+ Kd6 45. Nxc6 Kxc6 46. Qe5
Kb6 47. Qb5+ Kc7 48. Qxa5+ Kc8 49. Qc5+ Kb8 50. Qe5+ Ka7 51. Qd6 Ba6 52. Bd3
Qc8 53. d5 Bxc4 54. Bxc4 Qxc4 55. Qxd7+ Kb8 56. Qe8+ Kb7 57. Qe7+ Kb8 58. Qf8+
Kc7 59. d6+ Kb7 60. h4 Qc1+ 61. Kh2 Qc4 62. Kh3 Qd3+ 63. Qf3+ Qxf3+ 64. gxf3
64... Kc6 {Hossa resigns} 1-0

[Event "ICS rated blitz match"]
[Site "204.178.125.65"]
[Date "1999.11.28"]
[Round "?"]
[White "Hossa"]
[Black "inmichess"]
[Result "0-1"]
[WhiteElo "2411"]
[BlackElo "2482"]
[PlyCount "63"]
[EventDate "1999.??.??"]

1. f4 Nf6 2. Nf3 e6 3. d4 c5 4. e3 d5 5. Nc3 c4 6. Be2 Bd6 7. O-O O-O 8. b3 Bb4
9. Nb5 a6 10. Ba3 Bxa3 11. Nxa3 Qa5 12. Qc1 c3 13. Nb1 b5 14. Bd3 Nc6 15. Ne5
Bb7 16. Qe1 b4 17. Qh4 Ne4 18. Bxe4 dxe4 19. a3 Nxe5 20. fxe5 Bd5 21. Qg5 Ra7
22. Rf4 Rd7 23. Rg4 g6 24. Qf6 Rc8 25. Qf2 Bxb3 26. Kf1 Ba4 27. Ra2 b3 28. Ra1
b2 29. Ra2 Qd5 30. Rxb2 cxb2 31. c3 Qa2 32. Qe1 {Hossa resigns} 0-1

[Event "ICS rated blitz match"]
[Site "204.178.125.65"]
[Date "1999.11.28"]
[Round "?"]
[White "inmichess"]
[Black "Hossa"]
[Result "1/2-1/2"]
[WhiteElo "2495"]
[BlackElo "2398"]
[PlyCount "270"]
[EventDate "1999.??.??"]

1. e4 e6 2. d4 d5 3. Nc3 Bb4 4. exd5 exd5 5. Bd3 Nf6 6. Nge2 O-O 7. a3 Bd6 8.
Nb5 Be7 9. Bf4 Na6 10. O-O c6 11. Nbc3 Re8 12. Ng3 Qb6 13. Re1 Bg4 14. Qd2 Qd8
15. Nf5 Bxf5 16. Bxf5 Nh5 17. Be3 Qc7 18. Qd1 Nf6 19. Qf3 Rad8 20. Qh3 g6 21.
Bd3 Nb8 22. Re2 Qb6 23. Rae1 Qxb2 24. Bg5 Qxc3 25. Bxf6 Qxe1+ 26. Rxe1 Bxf6 27.
Rxe8+ Rxe8 28. c3 Bg5 29. g4 Re1+ 30. Kg2 Bf4 31. Qf3 Bc7 32. c4 dxc4 33. Bxc4
Re7 34. Qf6 Rd7 35. f3 b5 36. Ba2 a5 37. h4 Bb6 38. d5 Bc7 39. d6 Bxd6 40.
Bxf7+ Rxf7 41. Qxd6 Rf8 42. a4 bxa4 43. Qd2 Rf7 44. Qxa5 Nd7 45. Qa8+ Nf8 46.
Qxc6 Rf4 47. Qd5+ Rf7 48. Kg3 Nd7 49. g5 a3 50. Qa8+ Kg7 51. Qxa3 h6 52. Qd6
hxg5 53. hxg5 Nf8 54. f4 Rf5 55. Qc7+ Rf7 56. Qc3+ Kg8 57. Qc4 Kg7 58. Kg4 Rf5
59. Qc7+ Kg8 60. Kf3 Rf7 61. Qc4 Kg7 62. Qd4+ Kg8 63. Qd5 Kg7 64. Qe5+ Kh7 65.
Ke4 Rf5 66. Qe7+ Kg8 67. Qc7 Ne6 68. Qc8+ Nf8 69. Qc4+ Kg7 70. Ke3 Rf7 71. Qd4+
Kg8 72. Qd5 Kg7 73. Qe5+ Kh7 74. Ke4 Rf5 75. Qc7+ Kg8 76. Qb7 Ne6 77. Qc8+ Nf8
78. Qc7 Ne6 79. Qb8+ Kf7 80. Qb3 Ke7 81. Qa3+ Kd7 82. Qa4+ Kd6 83. Qa6+ Kd7 84.
Qa7+ Kd6 85. Qb6+ Ke7 86. Qb7+ Kd6 87. Qb8+ Kc5 88. Qe8 Nxf4 89. Qe7+ Kc6 90.
Kd4 Rf8 91. Qc5+ Kd7 92. Qb5+ Ke7 93. Qb4+ Kd7 94. Qa4+ Ke7 95. Qa3+ Kd7 96.
Qa7+ Ke6 97. Qg7 Rf5 98. Qc7 Rf8 99. Ke4 Rf5 100. Qd8 Kf7 101. Qd7+ Kf8 102.
Kd4 Kg8 103. Qe7 Rf7 104. Qe8+ Kg7 105. Kc5 Rc7+ 106. Kd6 Rf7 107. Qe4 Rf5 108.
Qb7+ Kg8 109. Qc8+ Kg7 110. Qc3+ Kg8 111. Qc6 Kg7 112. Qd7+ Rf7 113. Qb5 Rf5
114. Qb2+ Kg8 115. Qa2+ Rf7 116. Qa8+ Kh7 117. Qe8 Kg7 118. Qc8 Rf5 119. Qc7+
Rf7 120. Qc6 Rf5 121. Qd7+ Rf7 122. Qa4 Ne2 123. Qa1+ Kg8 124. Qe5 Nf4 125. Qc5
Kh8 126. Qc8+ Kg7 127. Qc3+ Kh7 128. Qf3 Kg8 129. Qb3 Kf8 130. Qb8+ Kg7 131.
Qb2+ Kh7 132. Qf2 Kh8 133. Qd4+ Kg8 134. Qe5 Kh7 135. Qe8 135... Kg7 {
Game drawn by repetition} 1/2-1/2